000 00429nam a22001697a 4500
003 MPLRDC
005 20220104142832.0
008 210129b ||||| |||| 00| 0 eng d
082 _a490.8 SYR v.74
100 _a丰泽丰雄著; 蔡竹根编译
245 _a提案制度与专利管理
_c
260 _a
_b国家出版社
_c1981
300 _b
490 _a生意人丛刊;74
650 _a
942 _cBK
_o490.8 SYR v.74
999 _c34098
_d34088